• 首页
  • 本馆介绍
  • 公告通知
  • 最新文献
  • 馆藏检索
  • 电子资源
  • 读者导购
  • 参考咨询
  • 我的图书馆
  • 登录
  • 详细信息显示
  • 放入我的书架
  • 预约/预借图书
  • 作者相关作品
  • 分类相关作品
  • 丛书相关作品
  • 出版社相关作品

书目信息

  • 表格格式
  • 工作单格式
  • 卡片格式
题名:
新课程的理论与创新
    
 
作者: 钟启泉 , 崔云漷 主编
分册:  
出版信息: 北京   高等教育出版社  2008
页数: 324页
开本: 23cm
丛书名:
单 册:
中图分类: G423.07
科图分类:
主题词: 课程--教学改革--高等教育--教材 , 课程 , 教学改革
电子资源:
ISBN: 978-7-04-024624-7
000 00983nam0 2200277 45
005 20100303142418.78
010    @a978-7-04-024624-7@dCNY26.60
100    @a20100121d2008 ekmy0chiy0120 ea
101 0  @achi
102    @aCN@b110000
105    @ay z 000yy
106    @ar
200 1  @a新课程的理论与创新@AXin Ke Cheng De Li Lun Yu Chuang Xin@e师范生读本@EShi Fan Sheng Dou Ben@f钟启泉,崔云漷主编@FZhong Qi Quan, Cui Yun漷 Zhu Bian
205    @a2版
210    @a北京@c高等教育出版社@d2008
215    @a324页@d23cm
300    @a普通高等教育“十一五”国家级规划教材
330    @a本书共14讲,内容包括:新课程的基本理念、课程目标与课程结构、国家课程标准及其意义、课程评价制度的创新、课程管理体制的创新等。
606 0  @a课程@x教学改革@x高等教育@j教材
606 0  @a课程
606 0  @a教学改革
690    @aG423.07@v4
701  0 @a钟启泉@AZhong Qi Quan@4主编
701  0 @a崔云漷@ACui Yun漷@4主编
801  0 @aCN@bTANGWEI@c20100303
905    @b0585054-58@dG423.07@e206@f5
    
    新课程的理论与创新:师范生读本/钟启泉,崔云漷主编.-2版.-北京:高等教育出版社,2008
    324页;23cm
    普通高等教育“十一五”国家级规划教材
    
    ISBN 978-7-04-024624-7:CNY26.60
    本书共14讲,内容包括:新课程的基本理念、课程目标与课程结构、国家课程标准及其意义、课程评价制度的创新、课程管理体制的创新等。
●
相关链接 在E读中查询图书 在五车中查询图书 在当当中查询图书 在豆瓣中查询图书


正题名:新课程的理论与创新     索取号:G423.07/206         预约/预借

序号 登录号 条形码 馆藏地/架位号 状态 备注
1 0585054   205850541   第一样本阅览室/ [索取号:G423.07/206] 在馆    
2 0585055   205850550   教育系资料室/ [索取号:G423.07/206] 在馆    
3 0585056   205850569   第四借阅区/ [索取号:G423.07/206] 在馆    
4 0585057   205850578   第四借阅区/ [索取号:G423.07/206] 在馆    
5 0585058   205850587   第四借阅区/ [索取号:G423.07/206] 在馆    
唐山师范学院图书馆 欢迎您!
大连网信软件有限公司© 版权所有